Missing Word: Boy Names in Movies Quiz Stats

 Plays Quiz Updated Mar 5, 2016

Score 0/22 Timer 03:00
3 Plays Today
Movie Boy's name % Correct
Good _____ HuntingWill
95.1%
Kill _____: Vol. 1Bill
94%
Saving Private _____Ryan
92.9%
______ HoodRobin
92.4%
Who Framed ______ Rabbit?Roger
92.1%
The Curious Case of _________ ButtonBenjamin
88.2%
_______ of the JungleGeorge
85.6%
Being _____ MalkovichJohn
82.1%
Cool Hand _____Luke
76.2%
______ FrostJack
70%
The ______ Crown AffairThomas
61.7%
Movie Boy's name % Correct
_____ Tracy's DilemmaDick
58.5%
______ and the ArgonautsJason
58.2%
____ Versus the VolcanoJoe
55.2%
I am ____Sam
53%
The Book of ____Eli
51.6%
The Life Aquatic with ______ ZissouSteve
44.8%
____ in Real LifeDan
44%
______'s RunLogan
31.3%
_______ CollinsMichael
27.3%
______ the LiarJakob
18.5%
Meet _____Dave
17.8%

Today's Daily Dose

You're not logged in!

Compare scores with friends on all Sporcle quizzes.
Join for Free
OR
Log In

You Might Also Like...

Show Comments

Extras

Top Quizzes Today


Score Distribution

Your Account Isn't Verified!

In order to create a playlist on Sporcle, you need to verify the email address you used during registration. Go to your Sporcle Settings to finish the process.

Report this User

Report this user for behavior that violates our Community Guidelines.

Details: